000 00329nam a22001337a 4500
005 20240306092722.0
008 240306b ||||| |||| 00| 0 eng d
040 _cAL
041 _aeng
245 _aTax Deducted at Source
260 _aMangalore
_bSt Aloysius College
_c2004
700 _aDIVYA (G)
_9153098
942 _2ddc
_cPRO
999 _c230072
_d230072